| 000 | 00658nam a22002177a 4500 | ||
|---|---|---|---|
| 003 | OSt | ||
| 005 | 20251119122658.0 | ||
| 008 | 250701b |||||||| |||| 00| 0 eng d | ||
| 020 | _a 9716857498 | ||
| 040 |
_aDWCL - Main lib _cOC |
||
| 082 | _aFil. 371.102 C652p 2015 | ||
| 100 | _aSalandanan, Gloria G. | ||
| 245 |
_a Principles of teaching 1/ _cGloria G. Salandanan |
||
| 250 | _a4th edition | ||
| 260 |
_a Manila : _bLorimar Publishing, _cc2015. |
||
| 300 |
_axiii, 209 pages ; _c 25 cm. |
||
| 504 | _aIncludes bibliography. | ||
| 650 | _a1. Teaching--Philippines. | ||
| 700 | _aBrenda B. Corpuz | ||
| 942 |
_2ddc _cBK - FIL _e 4th edition _kFil. _n0 |
||
| 999 |
_c3327 _d3327 |
||